LANDSCAPING PRINCIPLES AND PRACTICES IV TH ED. LANDSCAPE ARCHITECTURE, GARDEBNING, INDUSTRY (Record no. 1159431)

MARC details
000 -LEADER
fixed length control field 00359nam a2200133Ia 4500
008 - FIXED-LENGTH DATA ELEMENTS--GENERAL INFORMATION
fixed length control field 240521s1999 xx 000 0 und d
020 ## - INTERNATIONAL STANDARD BOOK NUMBER
International Standard Book Number 0-8273-4683-2
041 ## - LANGUAGE CODE
Language code of text/sound track or separate title eng
082 ## - DEWEY DECIMAL CLASSIFICATION NUMBER
Classification number 712
100 ## - MAIN ENTRY--PERSONAL NAME
Personal name INGELS J.E.
245 ## - TITLE STATEMENT
Title LANDSCAPING PRINCIPLES AND PRACTICES IV TH ED. LANDSCAPE ARCHITECTURE, GARDEBNING, INDUSTRY
260 ## - PUBLICATION, DISTRIBUTION, ETC.
Date of publication, distribution, etc. 1999
300 ## - PHYSICAL DESCRIPTION
Extent 401

No items available.